• 首页
  • 本馆介绍
  • 公告通知
  • 最新文献
  • 馆藏检索
  • 电子资源
  • 读者导购
  • 参考咨询
  • 我的图书馆
  • 登录
  • 详细信息显示
  • 放入我的书架
  • 预约/预借图书
  • 作者相关作品
  • 分类相关作品
  • 丛书相关作品
  • 出版社相关作品

书目信息

  • 表格格式
  • 工作单格式
  • 卡片格式
题名:
优秀儿童剧选集
    
 
作者: ;中国儿童戏剧研究会 编
分册:  
出版信息: 北京   中国戏剧出版社  1984
页数: 485页
开本: 21cm
丛书名:
单 册:
中图分类: I287.3
科图分类:
主题词: 儿童剧--剧本--中国--现代
电子资源:
ISBN:
000 00628nam0 2200217 450
001 1548963312
005 20150118133717.03
010    @dCNY2.40
091    @a8069.471
100    @a19950413d1984 am y0chiy0110 ea
101 0  @achi
102    @aCN@b110000
105    @af z 000by
200 1  @a优秀儿童剧选集@9you xiu er tong ju xuan ji@f中国儿童戏剧研究会编
210    @a北京@c中国戏剧出版社@d1984
215    @a485页@c剧照@d21cm
606 0  @a儿童剧@x剧本@y中国@z现代
690    @aI287.3@v5
711 02 @a中国儿童戏剧研究会@9zhong guo er tong xi ju yan jiu hui@4编
801  0 @aCN@bTSSF@c20150115
905    @aZUCC@dI287.3@eJY1
    
    优秀儿童剧选集/中国儿童戏剧研究会编.-北京:中国戏剧出版社,1984
    485页:剧照;21cm
    
    
    ISBN :CNY2.40
    
●
相关链接 在E读中查询图书 在五车中查询图书 在当当中查询图书 在豆瓣中查询图书


正题名:优秀儿童剧选集     索取号:I287.3/JY1         预约/预借

序号 登录号 条形码 馆藏地/架位号 状态 备注
1 7847265   278472653   学院路分馆/ [索取号:I287.3/JY1] 在馆    
2 7847266   278472662   学院路分馆/ [索取号:I287.3/JY1] 在馆    
唐山师范学院图书馆 欢迎您!
大连网信软件有限公司© 版权所有